00858cam a2200241 i 450000100040000000500170000402000360002102000250005704000280008205000270011008200160013710000190015324500430017226000340021530000580024949000220030750500060032950501260033552000810046152100180054252100180056065000380057857720231211141655.0 a9780531233597 (library binding) a9780531251577 (pbk.) aDLCbengcDLCerdadDLC00aQL638.95.L3bG765 201300a597.3/32231 aGregory, Josh.10aGreat white sharks /cby Josh Gregory. aNew York :bScholastic.c2014 a48 pages :bcolor illustrations, color maps ;c22 cm.0 aNature's children0 aS0 aUnderwater warriors -- Hunting in the depths -- Shark life -- Past and present predators -- Sharing the seas with sharks. aAn introduction to the characteristics and habitat of the great white shark. a940 bLexile aS bRaz-Plus 0aWhite sharkvJuvenile literature.